[Event "4NCL Online Division 2"]
[Site "online"]
[Date "2020.04.28"]
[Round "4.72"]
[White "MacQueen, Stuart"]
[Black "Meadows, Michael"]
[Result "0-1"]
[WhiteElo "2095"]
[BlackElo "2012"]
[PlyCount "86"]
[EventDate "2020.04.28"]
[WhiteTeam "Schach Attack"]
[BlackTeam "Downend 1"]

1. d4 d5 2. c4 Nc6 3. cxd5 Qxd5 4. Nf3 e5 5. Nc3 Bb4 6. Bd2 Bxc3 7. Bxc3 e4 8.
Ne5 Nge7 9. Nxc6 Nxc6 10. e3 O-O 11. Be2 Be6 12. O-O Rfd8 13. Qc2 Qf5 14. Rfd1
Ne7 15. b4 c6 16. a4 Rac8 17. Qb2 Nd5 18. Be1 Qg6 19. Bf1 f5 20. Bd2 Nb6 21.
Rdc1 Qf7 22. Qc3 Nd5 23. Qc2 a6 24. Qd1 Nb6 25. b5 axb5 26. axb5 Nc4 27. bxc6
Rxc6 28. Bb4 Rdc8 29. Rcb1 b6 30. Qa4 f4 31. exf4 Qxf4 32. Qb5 e3 33. d5 exf2+
34. Kh1 Qf5 35. Qxc6 Rxc6 36. dxc6 Ne3 37. c7 Nxf1 38. Rxf1 h5 39. Ra8+ Kh7 40.
Raa1 h4 41. Bd6 h3 42. Bg3 hxg2+ 43. Kxg2 Bd5# 0-1

[Event "4NCL Online Division 2"]
[Site "online"]
[Date "2020.04.28"]
[Round "4.73"]
[White "Thompson, Robert"]
[Black "Alizada, Eldar"]
[Result "1/2-1/2"]
[WhiteElo "1985"]
[BlackElo "2057"]
[PlyCount "123"]
[EventDate "2020.04.28"]
[WhiteTeam "Downend 1"]
[BlackTeam "Schach Attack"]

1. Nf3 d5 2. g3 Nf6 3. Bg2 Bf5 4. O-O e6 5. d3 c6 6. Nfd2 Be7 7. e4 dxe4 8.
dxe4 Bg6 9. Qe2 O-O 10. Nc4 Nbd7 11. Rd1 Qc7 12. Nc3 Rad8 13. Bf4 e5 14. Be3
Nb6 15. f3 Rxd1+ 16. Rxd1 Rd8 17. Bf1 Rxd1 18. Qxd1 Nfd7 19. a3 f6 20. Bd3 Bf7
21. Qe2 Nc5 22. Nxb6 axb6 23. Bc4 b5 24. Bxf7+ Kxf7 25. b4 Ne6 26. Qd3 Qd6 27.
Kf2 g6 28. Qxd6 Bxd6 29. Ne2 f5 30. Nc1 Kf6 31. Nb3 Bc7 32. Nc5 Nxc5 33. Bxc5
Ke6 34. Ke2 Bd6 35. Bb6 h5 36. Kd3 g5 37. h3 g4 38. hxg4 fxg4 39. fxg4 hxg4 40.
c4 bxc4+ 41. Kxc4 Be7 42. Be3 b5+ 43. Kb3 Bf8 44. a4 bxa4+ 45. Kxa4 Kd7 46. Ka5
Be7 47. Bd2 Kc7 48. Bc3 Bf6 49. Ka6 Bg7 50. Bd2 Bf8 51. Ka5 Be7 52. Be3 Bf8 53.
Bb6+ Kd7 54. b5 cxb5 55. Kxb5 Ke6 56. Kc6 Bb4 57. Bf2 Bc3 58. Kc5 Bb2 59. Be3
Bc3 60. Bf2 Bb2 61. Be3 Bc3 62. Bf2 1/2-1/2

[Event "4NCL Online Division 2"]
[Site "online"]
[Date "2020.04.28"]
[Round "4.74"]
[White "Moyse, Nigel John"]
[Black "Conterno, Dominique"]
[Result "0-1"]
[WhiteElo "2035"]
[BlackElo "1907"]
[PlyCount "40"]
[EventDate "2020.04.28"]
[WhiteTeam "Schach Attack"]
[BlackTeam "Downend 1"]

1. d4 Nf6 2. Bf4 d6 3. c3 g6 4. e3 Bg7 5. Be2 O-O 6. Nd2 Nc6 7. Ngf3 Nh5 8. Bg5
h6 9. Bh4 Qe8 10. O-O e5 11. d5 Ne7 12. e4 Nf4 13. Bxe7 Qxe7 14. Kh1 f5 15. c4
g5 16. g3 Nxe2 17. Qxe2 fxe4 18. Nxe4 Bg4 19. Ned2 Rxf3 20. Nxf3 Rf8 0-1

[Event "4NCL Online Division 2"]
[Site "online"]
[Date "2020.04.28"]
[Round "4.81"]
[White "Jugand, Jean-Baptiste"]
[Black "Tanmay Chopra"]
[Result "1-0"]
[WhiteElo "2065"]
[BlackElo "2273"]
[PlyCount "121"]
[EventDate "2020.04.28"]
[WhiteTeam "Kent KJCA Kestrels B"]
[BlackTeam "Harrow 1"]

1. e4 c5 2. Nf3 e6 3. d4 cxd4 4. Nxd4 Nc6 5. Be3 Nf6 6. Bd3 d5 7. Nd2 e5 8.
Nxc6 bxc6 9. O-O Be7 10. h3 O-O 11. c3 Be6 12. Qc2 h6 13. Rad1 Qc7 14. f4 exf4
15. Bxf4 Qb6+ 16. Kh1 dxe4 17. Nxe4 Nd5 18. Bd2 Ne3 19. Bxe3 Qxe3 20. Rf3 Qb6
21. Rdf1 Rad8 22. Ng3 Bd6 23. Nf5 Bxf5 24. Rxf5 Bb8 25. R5f3 Qc7 26. g3 Kh8 27.
Bc4 f5 28. Be6 g6 29. g4 Qe5 30. gxf5 Rf6 31. Qf2 Rdf8 32. Qd2 gxf5 33. Bxf5
Rd6 34. Rd3 Rxf5 35. Re1 Qf6 36. Re8+ Kh7 37. Rxb8 Rf1+ 38. Kg2 Qg6+ 39. Kxf1
Rxd3 40. Rb7+ Kg8 41. Qe2 Rd8 42. Qg4 Qxg4 43. hxg4 Rd2 44. a4 a5 45. Rb6 Kg7
46. b3 Rb2 47. Ke1 c5 48. Kd1 c4 49. b4 Ra2 50. Ra6 axb4 51. cxb4 c3 52. Kc1
Rg2 53. b5 Rxg4 54. b6 h5 55. a5 Rb4 56. Ra7+ Kg6 57. b7 h4 58. a6 h3 59. Ra8
Kg7 60. a7 h2 61. Rh8 1-0

[Event "4NCL Online Division 2"]
[Site "online"]
[Date "2020.04.28"]
[Round "4.82"]
[White "Nettleton, Charlie B"]
[Black "Ball, Laurence"]
[Result "1-0"]
[WhiteElo "2125"]
[BlackElo "2090"]
[PlyCount "125"]
[EventDate "2020.04.28"]
[WhiteTeam "Harrow 1"]
[BlackTeam "Kent KJCA Kestrels B"]

1. e4 Nc6 2. Nf3 d6 3. Bb5 a6 4. Ba4 b5 5. Bb3 Na5 6. d3 Nxb3 7. axb3 Bb7 8.
O-O e6 9. Nc3 Nf6 10. Re1 Be7 11. Bg5 O-O 12. Nd2 h6 13. Bh4 e5 14. Nf1 Nh7 15.
Bxe7 Qxe7 16. Ne3 g6 17. Ncd5 Qd8 18. Qg4 Bc8 19. Qg3 c6 20. Nc3 Qg5 21. Qxg5
Nxg5 22. Ne2 Ne6 23. b4 Bb7 24. c3 Nf4 25. Nxf4 exf4 26. Nc2 Rfe8 27. f3 Rad8
28. d4 f6 29. Kf2 Kf7 30. Re2 Rc8 31. Ne1 g5 32. Nd3 Re7 33. Rae1 Rce8 34. g3
fxg3+ 35. hxg3 Rd8 36. f4 Bc8 37. Kf3 h5 38. Rh2 Bg4+ 39. Ke3 Kg6 40. Nf2 f5
41. e5 Rc8 42. Nd3 Rd8 43. Ra1 Ra8 44. Kd2 gxf4 45. gxf4 Re6 46. exd6 Rxd6 47.
Ne5+ Kg7 48. Ke3 Re6 49. b3 Rd6 50. Kf2 Re6 51. Kg3 Rh6 52. Kh4 Rhh8 53. Rha2
Rhc8 54. Rxa6 Rxa6 55. Rxa6 Kf6 56. Rxc6+ Rxc6 57. Nxc6 Ke6 58. Ne5 Kd5 59. Kg3
Ke4 60. Nf7 Kd3 61. d5 h4+ 62. Kxh4 Bf3 63. d6 1-0

[Event "4NCL Online Division 2"]
[Site "online"]
[Date "2020.04.28"]
[Round "4.83"]
[White "Merriman, James"]
[Black "Coles, Steven F"]
[Result "1-0"]
[WhiteElo "1997"]
[BlackElo "2080"]
[PlyCount "75"]
[EventDate "2020.04.28"]
[WhiteTeam "Kent KJCA Kestrels B"]
[BlackTeam "Harrow 1"]

1. d4 Nf6 2. c4 e6 3. Nc3 Bb4 4. e3 b6 5. Nge2 Ba6 6. a3 Be7 7. Nf4 d5 8. Qf3
c6 9. cxd5 cxd5 10. Bd3 Bxd3 11. Nxd3 Nc6 12. O-O O-O 13. b4 Bd6 14. Bb2 Qe7
15. Nb5 Ne4 16. Qe2 a6 17. Nxd6 Nxd6 18. Ne5 Nxe5 19. dxe5 Nc4 20. Bd4 a5 21.
Bc3 Rfc8 22. Rfc1 Rc6 23. b5 Rc7 24. a4 Rac8 25. Bd4 Qg5 26. Rc3 h5 27. Rac1 g6
28. Bxb6 Rd7 29. Bd4 Rcd8 30. f4 Qf5 31. Bc5 Kh7 32. h3 Kg7 33. Rf1 h4 34. e4
Qh5 35. Qxh5 gxh5 36. exd5 exd5 37. Bd4 Nd2 38. e6+ 1-0

[Event "4NCL Online Division 2"]
[Site "online"]
[Date "2020.04.28"]
[Round "4.84"]
[White "Chan, Nevil"]
[Black "Keenan, Brendan"]
[Result "0-1"]
[WhiteElo "2042"]
[BlackElo "1930"]
[PlyCount "48"]
[EventDate "2020.04.28"]
[WhiteTeam "Harrow 1"]
[BlackTeam "Kent KJCA Kestrels B"]

1. d4 c6 2. Nc3 d5 3. Bg5 Bf5 4. e3 Nd7 5. Bd3 Bxd3 6. cxd3 h6 7. Bh4 Qb6 8.
Qb3 e6 9. Nf3 Be7 10. Bxe7 Qxb3 11. axb3 Nxe7 12. b4 O-O 13. Na4 a5 14. Ne5
Nxe5 15. dxe5 axb4 16. Kd2 Ra5 17. Nb6 Rb5 18. Na8 Rc8 19. d4 c5 20. dxc5 Rbxc5
21. Nb6 Rc2+ 22. Kd3 R8c7 23. Ra8+ Kh7 24. Re8 Rxb2 0-1

[Event "4NCL Online Division 2"]
[Site "online"]
[Date "2020.04.28"]
[Round "4.91"]
[White "Jarmany, David"]
[Black "Salmons, Calum"]
[Result "1-0"]
[WhiteElo "2267"]
[BlackElo "2065"]
[PlyCount "47"]
[EventDate "2020.04.28"]
[WhiteTeam "Maryport Assassins A"]
[BlackTeam "Sussex Starlings"]

1. e4 c5 2. Nf3 d6 3. d4 cxd4 4. Nxd4 Nf6 5. Nc3 g6 6. Be3 Bg7 7. f3 O-O 8. Qd2
Nc6 9. g4 Bd7 10. h4 h5 11. gxh5 Nxh5 12. O-O-O Rc8 13. Rg1 Ne5 14. f4 Ng4 15.
f5 Nxe3 16. Qxe3 Kh7 17. Kb1 Bh6 18. Qf3 e5 19. fxe6 fxe6 20. Qg4 Qe8 21. Bb5
Rf4 22. Qg2 Rc7 23. e5 d5 24. Bd3 1-0

[Event "4NCL Online Division 2"]
[Site "online"]
[Date "2020.04.28"]
[Round "4.92"]
[White "Gray, Edward"]
[Black "Jarmany, John"]
[Result "1/2-1/2"]
[WhiteElo "2012"]
[BlackElo "2207"]
[PlyCount "124"]
[EventDate "2020.04.28"]
[WhiteTeam "Sussex Starlings"]
[BlackTeam "Maryport Assassins A"]

1. e4 c6 2. d4 d5 3. Nc3 dxe4 4. Nxe4 Bf5 5. Ng3 Bg6 6. Nf3 Nd7 7. Bd3 e6 8.
O-O Ngf6 9. Re1 Be7 10. c3 Qc7 11. Ne4 Nxe4 12. Bxe4 Rd8 13. Qc2 Bxe4 14. Qxe4
Nf6 15. Bf4 Bd6 16. Bxd6 Qxd6 17. Qe5 O-O 18. Qxd6 Rxd6 19. Ng5 Rc8 20. Ne4
Nxe4 21. Rxe4 c5 22. Rd1 Rcd8 23. Kf1 f5 24. Re5 cxd4 25. Rxd4 Rxd4 26. cxd4
Kf7 27. Rc5 Rd7 28. Ke2 b6 29. Rc6 g5 30. g3 h5 31. Ke3 Kf6 32. f3 h4 33. gxh4
gxh4 34. Rc8 Rg7 35. Rf8+ Kg5 36. Re8 Rg6 37. Re7 a5 38. Rb7 Kf6 39. Rxb6 Rg2
40. d5 Rxh2 41. Rxe6+ Kf7 42. Rh6 Rxb2 43. Rxh4 Rxa2 44. Rh6 Ra4 45. Ra6 f4+
46. Kd3 Ke7 47. Kc3 Ra3+ 48. Kd4 Rxf3 49. Rxa5 Rf1 50. Ke4 f3 51. Ke3 Kd6 52.
Ra2 Kxd5 53. Rf2 Rxf2 54. Kxf2 Ke4 55. Kf1 Kf4 56. Kf2 Kg4 57. Kf1 Kg3 58. Kg1
Kf4 59. Kf2 Ke4 60. Kf1 Ke3 61. Ke1 f2+ 62. Kf1 Kf3 1/2-1/2

[Event "4NCL Online Division 2"]
[Site "online"]
[Date "2020.04.28"]
[Round "4.93"]
[White "Davis, Holden"]
[Black "Howell, Oliver W"]
[Result "1-0"]
[WhiteElo "1982"]
[BlackElo "2057"]
[PlyCount "55"]
[EventDate "2020.04.28"]
[WhiteTeam "Maryport Assassins A"]
[BlackTeam "Sussex Starlings"]

1. e4 e6 2. d4 d5 3. Nd2 Nf6 4. e5 Nfd7 5. Bd3 c5 6. c3 Nc6 7. Ne2 cxd4 8. cxd4
f6 9. exf6 Nxf6 10. Nf3 Bd6 11. O-O O-O 12. Bg5 Bd7 13. Rc1 Qb6 14. Nc3 a6 15.
Na4 Qc7 16. Nc5 Rae8 17. h3 Bc8 18. Re1 Bf4 19. Bxf4 Qxf4 20. Bb1 Kh8 21. Rc3
Qd6 22. Ne5 b6 23. Nxe6 Nxe5 24. Nxf8 Nc4 25. Rxe8 Nxe8 26. Qh5 Nf6 27. Qf7 Ne4
28. Bxe4 1-0

[Event "4NCL Online Division 2"]
[Site "online"]
[Date "2020.04.28"]
[Round "4.94"]
[White "Bennet-Stevens, Lucy"]
[Black "Hart, Roger"]
[Result "1/2-1/2"]
[WhiteElo "1975"]
[BlackElo "1915"]
[PlyCount "140"]
[EventDate "2020.04.28"]
[WhiteTeam "Sussex Starlings"]
[BlackTeam "Maryport Assassins A"]

1. e4 g6 2. d4 Bg7 3. Nc3 d6 4. Nf3 c6 5. Be2 Bg4 6. O-O Nd7 7. Be3 Qc7 8. h3
Bxf3 9. Bxf3 e6 10. Re1 Ne7 11. Qd2 O-O 12. Bh6 Rad8 13. Bxg7 Kxg7 14. Qg5 Ng8
15. e5 d5 16. Ne2 Nb6 17. Nf4 Qe7 18. Nh5+ Kh8 19. Nf6 Nd7 20. Qg3 Ndxf6 21.
exf6 Nxf6 22. Qh4 Ng8 23. Qf4 Qd6 24. Qh4 Kg7 25. Re3 Ne7 26. g4 h6 27. Rae1 g5
28. Qg3 Ng6 29. Rb3 Qxg3+ 30. fxg3 Rd7 31. Be2 Ne7 32. Rf3 b6 33. Bd3 Rc7 34.
h4 c5 35. c3 cxd4 36. cxd4 Nc6 37. Rf2 Nxd4 38. hxg5 hxg5 39. Ref1 e5 40. Rd1
Ne6 41. Bf5 d4 42. Re2 Rc5 43. Rde1 Kf6 44. Rh2 Rfc8 45. Rh6+ Ke7 46. Bxe6 fxe6
47. Rg6 Rc1 48. Kf2 Rxe1 49. Kxe1 Rc2 50. Rxg5 Kf6 51. Rh5 Rxb2 52. Rh6+ Kg5
53. Rxe6 Kxg4 54. Rxe5 Kxg3 55. Re4 Kf3 56. Rxd4 Rxa2 57. Kd1 a5 58. Kc1 Ke3
59. Rd5 Ra4 60. Kb2 Rb4+ 61. Kc3 Ke4 62. Rd6 Rb5 63. Kc4 Rb1 64. Kc3 a4 65.
Rd4+ Ke5 66. Rxa4 Kd5 67. Kc2 Rb5 68. Kc3 Rb1 69. Kc2 Rb5 70. Kc3 Rb1 1/2-1/2

[Event "4NCL Online Division 2"]
[Site "online"]
[Date "2020.04.28"]
[Round "4.101"]
[White "Gardner, James"]
[Black "Frostick, Clive A"]
[Result "1/2-1/2"]
[WhiteElo "2132"]
[BlackElo "2108"]
[PlyCount "43"]
[EventDate "2020.04.28"]
[WhiteTeam "MK Phoenix 1"]
[BlackTeam "CSC 1"]

1. d4 d5 2. Bf4 Nf6 3. e3 c5 4. c3 Nc6 5. Nd2 e6 6. Ngf3 Bd6 7. Bg3 Qe7 8. Ne5
Nd7 9. f4 g6 10. Bb5 Nd8 11. O-O f6 12. Bh4 O-O 13. e4 cxd4 14. cxd4 Qg7 15.
Nxd7 Bxd7 16. Bxd7 Qxd7 17. e5 Be7 18. exf6 Bxf6 19. Bxf6 Rxf6 20. Rc1 Nc6 21.
Nb3 Raf8 22. Qg4 1/2-1/2

[Event "4NCL Online Division 2"]
[Site "online"]
[Date "2020.04.28"]
[Round "4.102"]
[White "Saidmurodov, Shahjahon"]
[Black "Brown, Alan M"]
[Result "1-0"]
[WhiteElo "2132"]
[BlackElo "2008"]
[PlyCount "41"]
[EventDate "2020.04.28"]
[WhiteTeam "CSC 1"]
[BlackTeam "MK Phoenix 1"]

1. e4 e5 2. Nf3 Nc6 3. Bc4 Bc5 4. b4 Bxb4 5. c3 Ba5 6. d4 exd4 7. O-O Nge7 8.
Ng5 Ne5 9. Nxf7 Nxf7 10. Bxf7+ Kxf7 11. Qh5+ g6 12. Qxa5 b6 13. Qb4 c5 14. Qb3+
d5 15. cxd4 Be6 16. Qf3+ Kg7 17. Bg5 Rf8 18. Qg3 h6 19. Qe5+ Kh7 20. Bxe7 Qxe7
21. exd5 1-0

[Event "4NCL Online Division 2"]
[Site "online"]
[Date "2020.04.28"]
[Round "4.103"]
[White "Cox, Toby"]
[Black "Garwood, Colin"]
[Result "1-0"]
[WhiteElo "2020"]
[BlackElo "2140"]
[PlyCount "65"]
[EventDate "2020.04.28"]
[WhiteTeam "MK Phoenix 1"]
[BlackTeam "CSC 1"]

1. e4 e5 2. Nf3 Nc6 3. c3 d5 4. exd5 Qxd5 5. d4 e4 6. Nfd2 Nf6 7. Bc4 Qg5 8.
Nxe4 Qxg2 9. Nxf6+ gxf6 10. Rf1 Be6 11. Bxe6 fxe6 12. Qb3 O-O-O 13. Qxe6+ Kb8
14. Be3 Bh6 15. Nd2 Rhe8 16. Qxf6 Bxe3 17. fxe3 Rxe3+ 18. Kd1 Rde8 19. Kc2 Re2
20. Rad1 a5 21. Qf7 R8e7 22. Qf5 Qxh2 23. Qb5 Qh6 24. Qd3 Qg6 25. Rf8+ Ka7 26.
Qxg6 hxg6 27. Rg8 Rg2 28. Kd3 Ree2 29. Rg7 Ne7 30. Nb3 b6 31. Rd2 Rxd2+ 32.
Nxd2 Kb7 33. Rxe7 1-0

[Event "4NCL Online Division 2"]
[Site "online"]
[Date "2020.04.28"]
[Round "4.104"]
[White "Hasson, Peter"]
[Black "Hunt, Peter"]
[Result "1-0"]
[WhiteElo "2095"]
[BlackElo "2020"]
[PlyCount "93"]
[EventDate "2020.04.28"]
[WhiteTeam "CSC 1"]
[BlackTeam "MK Phoenix 1"]

1. c4 Nf6 2. Nc3 g6 3. g3 Bg7 4. Bg2 O-O 5. Rb1 c6 6. Nf3 d6 7. O-O e5 8. d3
Nbd7 9. b4 Re8 10. b5 d5 11. bxc6 bxc6 12. cxd5 cxd5 13. Bg5 h6 14. Bd2 Nb6 15.
a4 Rb8 16. a5 Nbd7 17. Qa4 Rxb1 18. Rxb1 Ba6 19. Qa2 Nc5 20. Nxe5 Rxe5 21. d4
Rxe2 22. Nxe2 Bxe2 23. dxc5 Bc4 24. Qc2 Qc7 25. Bf1 Qxc5 26. Bxc4 Qxc4 27. Qxc4
dxc4 28. Rb8+ Kh7 29. Bc3 Nd7 30. Rd8 Bxc3 31. Rxd7 Bxa5 32. Rxf7+ Kg8 33. Rxa7
Bd2 34. Rc7 c3 35. Kf1 Kf8 36. Ke2 Kg8 37. Kd3 Be1 38. f4 h5 39. Ke4 Bd2 40.
Ke5 g5 41. f5 h4 42. Ke6 hxg3 43. hxg3 Be1 44. g4 Bd2 45. f6 Bf4 46. Rxc3 Kh7
47. Kf7 1-0

[Event "4NCL Online Division 2"]
[Site "online"]
[Date "2020.04.28"]
[Round "4.111"]
[White "Cole, James"]
[Black "John, Joshua"]
[Result "0-1"]
[WhiteElo "2057"]
[BlackElo "2042"]
[PlyCount "112"]
[EventDate "2020.04.28"]
[WhiteTeam "Oxford 2"]
[BlackTeam "CSC 2"]

1. d4 Nf6 2. c4 e6 3. g3 d5 4. Nf3 Bd6 5. Bg2 O-O 6. O-O b6 7. Nc3 c6 8. Qc2
Ba6 9. cxd5 cxd5 10. Rd1 Nc6 11. Qa4 Bb7 12. Nb5 Be7 13. Bg5 a6 14. Nc3 b5 15.
Qc2 Rc8 16. Bxf6 Bxf6 17. Qd2 Qb6 18. Rac1 Na5 19. b3 Rc7 20. e3 Rfc8 21. Bf1
Be7 22. Ne2 Ba3 23. Rxc7 Qxc7 24. Ne5 Nc6 25. Nd3 Qd6 26. Nef4 Nb4 27. Nxb4
Bxb4 28. Qb2 Ba3 29. Qb1 Qc6 30. Bd3 g5 31. Bxh7+ Kh8 32. Nh3 f5 33. Bxf5 exf5
34. Qxf5 Qh6 35. Nxg5 Qg7 36. Ne6 Qe7 37. Nf4 Qh7 38. Qe5+ Kg8 39. Rd2 Rc1+ 40.
Kg2 Qe4+ 41. Qxe4 dxe4 42. d5 Bd6 43. Ne6 Bc8 44. Ng5 Bf5 45. f3 Bb4 46. Rf2
Be1 47. Re2 exf3+ 48. Kxf3 Bd3 49. Rb2 Bc3 50. Rg2 Bf6 51. Ne6 Rf1+ 52. Kg4 Be4
53. Rd2 Bc3 54. d6 Bxd2 55. d7 Ba5 56. b4 Bb6 0-1

[Event "4NCL Online Division 2"]
[Site "online"]
[Date "2020.04.28"]
[Round "4.112"]
[White "Fink-Nunn, Petra"]
[Black "Olehnovics, Andrejs"]
[Result "1-0"]
[WhiteElo "1966"]
[BlackElo "2035"]
[PlyCount "45"]
[EventDate "2020.04.28"]
[WhiteTeam "CSC 2"]
[BlackTeam "Oxford 2"]

1. e4 e6 2. d4 d5 3. Nc3 dxe4 4. Nxe4 Nd7 5. g3 Ngf6 6. Nxf6+ Nxf6 7. Bg2 Be7
8. Nf3 O-O 9. O-O c5 10. Re1 Qb6 11. a4 Bd7 12. a5 Qc7 13. Bf4 Bd6 14. Ne5 cxd4
15. Qxd4 Bb5 16. c4 Ba6 17. b4 Bxb4 18. Nc6 Qd7 19. Qxd7 Nxd7 20. Nxb4 Bxc4 21.
Bxb7 Rad8 22. Bc7 Rde8 23. Bd6 1-0

[Event "4NCL Online Division 2"]
[Site "online"]
[Date "2020.04.28"]
[Round "4.113"]
[White "Wilson, Edgar"]
[Black "Lawson, Maurice E"]
[Result "1-0"]
[WhiteElo "2012"]
[BlackElo "1983"]
[PlyCount "95"]
[EventDate "2020.04.28"]
[WhiteTeam "Oxford 2"]
[BlackTeam "CSC 2"]

1. e4 c6 2. Nc3 d5 3. Nf3 Bg4 4. h3 Bxf3 5. Qxf3 e6 6. Be2 Nf6 7. O-O dxe4 8.
Nxe4 Nxe4 9. Qxe4 Nd7 10. d4 Nf6 11. Qd3 Qc7 12. Bf3 Be7 13. Re1 O-O 14. Bd2
Rfd8 15. c3 Rd7 16. g3 Rad8 17. Qe2 c5 18. Bf4 Bd6 19. Be5 Bxe5 20. dxe5 Rd2
21. Qb5 Nd5 22. Rad1 a6 23. Qa4 Nb6 24. Qe4 Rxd1 25. Rxd1 Rxd1+ 26. Bxd1 Nd7
27. f4 c4 28. Kh2 Qb6 29. Qg2 Qe3 30. a4 Nc5 31. a5 g6 32. Qe2 Qc1 33. Qxc4
Qxd1 34. Qxc5 Qe2+ 35. Kg1 Qxb2 36. h4 Qb1+ 37. Kg2 Qe4+ 38. Kg1 Qe1+ 39. Kg2
Qe4+ 40. Kf2 Qc2+ 41. Kf3 Qd1+ 42. Kg2 Qd2+ 43. Kh3 Qb2 44. h5 Qb1 45. Qc8+ Kg7
46. h6+ Kxh6 47. Qf8+ Kh5 48. g4# 1-0

[Event "4NCL Online Division 2"]
[Site "online"]
[Date "2020.04.28"]
[Round "4.114"]
[White "Warren, Alex M"]
[Black "Terry, Sean"]
[Result "1/2-1/2"]
[WhiteElo "1960"]
[BlackElo "1931"]
[PlyCount "119"]
[EventDate "2020.04.28"]
[WhiteTeam "CSC 2"]
[BlackTeam "Oxford 2"]

1. Nf3 c5 2. c4 Nc6 3. g3 g6 4. Bg2 Bg7 5. O-O e6 6. e3 Nge7 7. d4 d6 8. Nc3
O-O 9. a3 b6 10. b3 a6 11. Bb2 Qc7 12. Qd2 Bb7 13. Rfd1 Na5 14. Qc2 Rad8 15. d5
exd5 16. Nxd5 Nxd5 17. cxd5 Bxb2 18. Qxb2 b5 19. Rac1 Bc8 20. Nd2 Qe7 21. b4
Nb7 22. Ne4 f5 23. Nc3 Qf6 24. Qd2 Rde8 25. h4 Kg7 26. Ne2 c4 27. a4 Nd8 28.
axb5 axb5 29. Nd4 Bd7 30. Ra1 Rf7 31. Ra7 h6 32. Rda1 g5 33. hxg5 hxg5 34. Rc7
f4 35. exf4 gxf4 36. Qxf4 Qxf4 37. gxf4 Ree7 38. Raa7 Kf6 39. Kf1 Rg7 40. Rxd7
Rxd7 41. Rxd7 Rxd7 42. Nxb5 Nb7 43. Be4 Rd8 44. Ke2 Rh8 45. Ke3 Rh4 46. Na3 c3
47. Nb5 Rh3+ 48. f3 Rh2 49. Nxc3 Rb2 50. b5 Nc5 51. Bd3 Ke7 52. Ne4 Nxd3 53.
Kxd3 Rxb5 54. Kd4 Rb3 55. Ng5 Rb4+ 56. Ke3 Rb3+ 57. Ke4 Rb4+ 58. Ke3 Rb3+ 59.
Ke4 Rb4+ 60. Ke3 1/2-1/2

[Event "4NCL Online Division 2"]
[Site "online"]
[Date "2020.04.28"]
[Round "4.121"]
[White "Twine, David"]
[Black "Carroll, Peter"]
[Result "0-1"]
[WhiteElo "2072"]
[BlackElo "2009"]
[PlyCount "48"]
[EventDate "2020.04.28"]
[WhiteTeam "Plymouth"]
[BlackTeam "Gonzaga C-ing is Believing"]

1. e4 e6 2. d4 d5 3. Nc3 Nf6 4. e5 Nfd7 5. f4 c5 6. Nf3 Nc6 7. Be3 h6 8. Be2 g5
9. fxg5 cxd4 10. Nxd4 Ndxe5 11. Qd2 hxg5 12. Bxg5 Bh6 13. Bxh6 Qh4+ 14. g3 Qxh6
15. Qxh6 Rxh6 16. O-O-O Bd7 17. g4 Rh3 18. Bf1 Rh4 19. Be2 Ke7 20. Nf3 Nxf3 21.
Bxf3 Ne5 22. Bxd5 exd5 23. Rhe1 f6 24. g5 Bc6 0-1

[Event "4NCL Online Division 2"]
[Site "online"]
[Date "2020.04.28"]
[Round "4.122"]
[White "Casey, Eoghan"]
[Black "Pollock, Richard M"]
[Result "1-0"]
[WhiteElo "1954"]
[BlackElo "2072"]
[PlyCount "61"]
[EventDate "2020.04.28"]
[WhiteTeam "Gonzaga C-ing is Believing"]
[BlackTeam "Plymouth"]

1. d4 g6 2. Bf4 Bg7 3. Nc3 c6 4. Qd2 d6 5. e4 Nd7 6. O-O-O b5 7. h4 h6 8. e5 d5
9. e6 fxe6 10. Bd3 Nf8 11. Nf3 Qa5 12. Kb1 Qb6 13. Rde1 a5 14. Be5 Bf6 15. Ne2
Bd7 16. Nf4 O-O-O 17. Bxg6 Kb7 18. Bf7 Ra8 19. Bxf6 Nxf6 20. Nxe6 Ne4 21. Rxe4
dxe4 22. Nc5+ Ka7 23. Ne5 Bf5 24. Qf4 e6 25. g4 Bh7 26. Qf6 Qc7 27. Qxh8 Ng6
28. Qxh7 Nxe5 29. dxe5 Kb6 30. Nxe6 Qxe5 31. Qxh6 1-0

[Event "4NCL Online Division 2"]
[Site "online"]
[Date "2020.04.28"]
[Round "4.123"]
[White "Butland, Nick J"]
[Black "Cullen, Ben"]
[Result "0-1"]
[WhiteElo "1922"]
[BlackElo "1894"]
[PlyCount "100"]
[EventDate "2020.04.28"]
[WhiteTeam "Plymouth"]
[BlackTeam "Gonzaga C-ing is Believing"]

1. b4 d5 2. Bb2 Bf5 3. e3 e6 4. Nf3 Nf6 5. a3 Nbd7 6. Be2 Bd6 7. d3 e5 8. Nh4
Be6 9. c4 c6 10. Nd2 a5 11. c5 Bc7 12. Nhf3 O-O 13. Qc2 h6 14. O-O Re8 15. e4
d4 16. Nc4 Qe7 17. h3 Nh7 18. Kh1 Nhf8 19. Nh2 Nf6 20. Qd2 Bxc4 21. dxc4 Nxe4
22. Qc2 Nf6 23. Ng4 Ng6 24. Nxf6+ Qxf6 25. Rad1 Rad8 26. Bg4 Nf4 27. Qe4 Ne6
28. Bxe6 Rxe6 29. Qg4 Qg5 30. b5 Qxg4 31. hxg4 f6 32. f3 Kf7 33. Rfe1 Rde8 34.
Kg1 a4 35. Kf2 Ba5 36. Re2 Rc8 37. b6 Rd8 38. Re4 Re7 39. Rd3 g6 40. Bc1 f5 41.
gxf5 gxf5 42. Rh4 e4 43. fxe4 fxe4 44. Rg3 e3+ 45. Kg1 e2 46. Rf4+ Ke8 47. Rg8+
Kd7 48. Rxd4+ Ke6 49. Re4+ Kf7 50. Rxe2 Rxg8 0-1

[Event "4NCL Online Division 2"]
[Site "online"]
[Date "2020.04.28"]
[Round "4.124"]
[White "O'neill, Sam"]
[Black "Brooks, Paul"]
[Result "1/2-1/2"]
[WhiteElo "1889"]
[BlackElo "1907"]
[PlyCount "66"]
[EventDate "2020.04.28"]
[WhiteTeam "Gonzaga C-ing is Believing"]
[BlackTeam "Plymouth"]

1. e4 e6 2. Nf3 d5 3. Nc3 Nf6 4. exd5 exd5 5. d4 Bf5 6. Bg5 Be7 7. Be2 O-O 8.
O-O c6 9. Ne5 Ne4 10. Bxe7 Qxe7 11. Nxe4 Bxe4 12. f3 Bf5 13. Bd3 Bxd3 14. Nxd3
Nd7 15. Re1 Qf6 16. c3 Rfe8 17. Qd2 Kf8 18. Qf4 Qxf4 19. Nxf4 Rxe1+ 20. Rxe1
Re8 21. Rxe8+ Kxe8 22. Kf2 Ke7 23. Ke3 g6 24. g4 Kf6 25. h4 h6 26. Nd3 Ke6 27.
b4 b6 28. f4 f6 29. a3 b5 30. Kf3 Nb6 31. Nc5+ Ke7 32. Ke2 Nc4 33. a4 bxa4
1/2-1/2

[Event "4NCL Online Division 2"]
[Site "online"]
[Date "2020.04.28"]
[Round "4.131"]
[White "Keane, Graham D J"]
[Black "Brady, Stephen"]
[Result "1/2-1/2"]
[WhiteElo "2161"]
[BlackElo "2287"]
[PlyCount "85"]
[EventDate "2020.04.28"]
[WhiteTeam "Streatham A"]
[BlackTeam "St Benildus A"]

1. e4 d6 2. d4 Nf6 3. Nc3 g6 4. Be3 Bg7 5. Qd2 O-O 6. O-O-O c6 7. f3 b5 8. Kb1
b4 9. Nce2 a5 10. h4 h5 11. Bh6 a4 12. Ng3 Qa5 13. Nh3 Bxh3 14. Rxh3 b3 15.
cxb3 axb3 16. a3 Nbd7 17. Bc4 Qxd2 18. Bxd2 Rfb8 19. Bc3 c5 20. Ne2 cxd4 21.
Bxd4 Ra4 22. Bd5 Nxd5 23. exd5 Rc4 24. Bxg7 Kxg7 25. Nd4 Nf6 26. Nc6 Rb5 27.
Nb4 Rcc5 28. f4 Nxd5 29. Nxd5 Rxd5 30. Rxd5 Rxd5 31. Rxb3 Kf6 32. a4 e5 33.
fxe5+ dxe5 34. Ra3 e4 35. a5 e3 36. Rxe3 Rxa5 37. Kc2 Kf5 38. g3 Kg4 39. b4 Ra8
40. Kb3 f5 41. b5 f4 42. gxf4 Kxh4 43. Re6 1/2-1/2

[Event "4NCL Online Division 2"]
[Site "online"]
[Date "2020.04.28"]
[Round "4.132"]
[White "Ryan, Joseph"]
[Black "Hodgson, John H"]
[Result "1-0"]
[WhiteElo "2271"]
[BlackElo "2117"]
[PlyCount "133"]
[EventDate "2020.04.28"]
[WhiteTeam "St Benildus A"]
[BlackTeam "Streatham A"]

1. e4 c5 2. Nf3 Nc6 3. d4 cxd4 4. Nxd4 e6 5. Nc3 Qc7 6. Be2 a6 7. Be3 Nf6 8.
O-O Bb4 9. Na4 Be7 10. Nxc6 bxc6 11. Nb6 Rb8 12. Nxc8 Qxc8 13. e5 Nd5 14. Bc1
Bc5 15. c4 Ne7 16. b3 Qc7 17. Bb2 O-O 18. Bd3 Rfd8 19. Qe2 d6 20. Rad1 dxe5 21.
Bxe5 Bd6 22. Bxh7+ Kxh7 23. Rxd6 Rxd6 24. c5 Qb7 25. Bxd6 Re8 26. Qh5+ Kg8 27.
h4 Nf5 28. Qg4 a5 29. Rd1 Qb4 30. Qxb4 axb4 31. g3 Ra8 32. Rd2 f6 33. Kf1 Kf7
34. Ke2 e5 35. Kd3 Ra7 36. Kc4 Rb7 37. Rd1 Kg6 38. Re1 Kh5 39. Re4 Kg6 40. Re2
Kh5 41. Re4 Kg6 42. h5+ Kf7 43. g4 Ne7 44. f4 exf4 45. Bxe7 Rxe7 46. Rxf4 Re2
47. Kxb4 Rxa2 48. Rd4 Rf2 49. Rd6 Rf4+ 50. Ka5 Rxg4 51. Rxc6 f5 52. Rd6 Rg3 53.
b4 f4 54. Rd4 Ra3+ 55. Kb6 f3 56. Rf4+ Ke6 57. b5 Ke5 58. Rf8 Ke4 59. c6 Ke3
60. c7 Ra6+ 61. Kxa6 g6 62. hxg6 Kd2 63. Rxf3 Kd1 64. Rf2 Kc1 65. g7 Kb1 66.
g8=Q Kc1 67. Qg1# 1-0